000 00579nam a22001337a 4500
040 _cRUA
082 _aAGR SAR 2017 B630 Or.1
100 _aស ស្រីណា SAR SREYNA
245 _aការប្រៀបធៀបប្រភេទអ័រម៉ូនផ្សេងៗគ្នាលើដាំណាំផ្កាម្លិះ comparison of different hormones on jasmine flower
260 _aRUA
_bPHNOM PENH
_c2017
300 _aix;28p
_bill;
_c29cm
856 _uhttps://drive.google.com/file/d/15-gwAzhQ9hnOWeo-08CiS2OcYu9sztjt/view?usp=sharing
942 _cAGR
999 _c17891
_d17891